000 01573nam a22004217a 4500
001 000095691
003 CHAP
005 20220329143121.0
008 060515d2005 mx r 00110 spa d
010 _a92157
011 _a93129
035 _a103700
040 _cCHAP
090 _aTesis
100 1 _aMiranda Salgado, Genaro Leonel.
_976108
245 1 0 _aIdentificación de puntos críticos del análisis químico vegetal a través de la medición de errores cometidos en el proceso de digestión /
_c/por Genaro Leonel Miranda Salgado.
260 _aChapingo, Méx. :
_bEl autor,
_c2005.
300 _a59 h. :
_bcuadros.
502 _aTesis (Ing. en Irrigación) - - UACH. Departamento de Irrigación
590 _aALEPH
_b10
_c20130110
_lUCH01
_h1511
590 _aBATCH-UPD
_b10
_c20130110
_lUCH01
_h0654
590 _aBATCH-UPD
_b10
_c20130410
_lUCH01
_h0339
590 _aBATCH-UPD
_b10
_c20130914
_lUCH01
_h0645
590 _aBATCH-UPD
_b10
_c20140324
_lUCH01
_h1456
590 _aBATCH-UPD
_b10
_c20141002
_lUCH01
_h0830
590 _aCONVERSION
_b10
_c20130109
_lUCH01
_h1351
590 _aE11695DGD
_b10
_c20130604
_lUCH01
_h1416
650 1 4 _aBioquímica.
_912849
650 1 4 _aCitología e histología vegetales.
_923495
650 1 4 _aPlantas
_xAnálisis.
_988791
856 _3Finding aid
_uhttp://10.13.5.2/tesis/103700.pdf
_zTeclea aquí
901 _aBK
905 _aElisama A. H.
942 _cCD
942 _n0
949 _aTesis
_bBC
_cTES
_d00000000103700
_eTS1
_h44896
_i103700
_sb
949 _aTesis
_bBC
_cTES
_d33724000962189
_eTS2
_fc.2
_h44897
_i103700
_sb
999 _c92157
_d92157